00594 2200229 4500001002100000005001500021035002000036245005900056100001400115250000600129300003500135260003700170082001000207084001600217020002200233650002400255990001700279990001700296990001700313990001700330990001700347INLIS00000000000012520180829112428 a0010-08180000891 aBerbagai Hasil Pekerjaan dan Keterampilan /cWahyuning0 aWahyuning a- aiv, 68 hlm. :bilus. ;c21 cm. aBandung :bTitian Ilmu,c[ s.a ] a745.5 a745.5 WAH b a978-979-027-251-0 aKeterampilan Tangan a00535/P/2018 a00536/P/2018 a00537/P/2018 a00538/P/2018 a00539/P/2018